Photographies prises par Thomas Pesquet depuis l’espace - Statistiques

Statistiques générales
  • Ce quiz a été pris 218 fois
  • Le résultat moyen est 9 sur 16
Statistiques - réponses
Par images Hint Réponse % Correct
Île Corse
95%
Détroit Détroit de Gibraltar
89%
Fleuve Nil
87%
Pays Chypre
83%
Dune Dune du Pilat
77%
Capitale Londres
67%
Ville Marseille
60%
Volcan Vésuve
58%
Estuaire Gironde
47%
Île Manhattan
47%
Île Île de Ré
43%
État Floride
42%
Île Martinique
35%
Capitale Doha
34%
Ville Toulouse
27%
Pays Maldives
26%
Aucun quiz correspondant
Distribution des résultats
% des personnes avec chaque résultat
Percentile par nombre de réponses
Votre historique - résultats
Vous n’avez pas pris ce quiz